| 000 | 00440nam a2200181Ia 4500 | ||
|---|---|---|---|
| 005 | 20240823055231.0 | ||
| 008 | 240823s9999||||xx |||||||||||||| ||und|| | ||
| 041 | _aENGLISH | ||
| 082 | _A515.352 Q0 | ||
| 100 | _aChoudhury D P | ||
| 245 | 0 | _aOrdinary Differential Equations | |
| 250 | _a1st | ||
| 260 |
_c2010 _bNarosa Publishing |
||
| 500 | _aYES | ||
| 650 |
_aDifferential Eduations _bMathematics |
||
| 942 | _cBK | ||
| 999 |
_c228304 _d228304 |
||